Uj adóhivatal

Správa o tom, že 49 obcí Sninského okresu patrí k humenskému daňovému úradu hoci sú od neho značne vzdialené. Kanonik OPndrej Lehoczky rozvinul hnutie na zriadenie daňového úradu v Snine.

Podrobná bibliografia
Médium: Článok
Jazyk:Hungarian
Témy:
Zdroj: 1. Felső-Zemplén : Társadalmi hetilap 1. Roč. 10, č. 33 (17.08.1905) s. 2
LEADER 00926nab#a2200301#ar4500
001 000076973
003 SVKKK
005 20060717xxxxxxx.
008 06 c xo huno
FMT
038 |a SVKKK 
040 |a SVKKK  |b slo  |e AACR2 
041 0 |a hun 
044 |a xo  |c SK 
080 |a 336.2 
242 1 0 |a Nový daňový úrad 
245 0 0 |a Uj adóhivatal 
520 2 |a Správa o tom, že 49 obcí Sninského okresu patrí k humenskému daňovému úradu hoci sú od neho značne vzdialené. Kanonik OPndrej Lehoczky rozvinul hnutie na zriadenie daňového úradu v Snine. 
650 0 4 |a úrady daňové - Snina - návrhj na zriadenie - dôvody - rok 1905 - správy 
773 0 |t Felső-Zemplén : Társadalmi hetilap  |g Roč. 10, č. 33 (17.08.1905) s. 2 
957 |a Humenné 
957 |a Snina 
958 |a DG 
958 |a SK 
974 |a Ba  |d 20060717 
992 |a RBX 
BAS
998 |a RETRO